Çengi / (Record no. 15821)

MARC details
000 -BAŞLIK
Sabit Uzunlukta Kontrol Alanı 00855nam a22002537a 4500
999 ## - SİSTEM KONTROL NUMARALARI (KOHA)
Koha Biblionumber 15821
Koha Biblioitemnumber 15821
003 - KONTROL NUMARASI IDENTIFIER
Denetim Alanı MIRAKIL
005 - SON İŞLEM TARİHİ VE ZAMANI
Denetim Alanı 20240328113057.0
008 - SABİT-BOY VERİ ELEMANLARI - GENEL BİLGİLER
Sabit Uzunlukta Kontrol Alanı 240328b tu ||||| |||| 00| 0 tur d
020 ## - ULUSLARARASI STANDART KİTAP NUMARASI
Uluslararası Standart Kitap Numarası 9789751635266
040 ## - KATALOGLAMA KAYNAK
Orijinal Kataloglama Ajansı TR-AnCHP
Metne Dönüştürmek Ajansı TR-AnCHP
041 ## - DİL KODU
Metin / Ses Parça Veya Ayrı Başlığın Dil Kodu tur
082 ## - DEWEY ONLU SINIFLANDIRMA NUMARASI
Sınıflandırma Numarası 813.42
Ürün Numarası E23b 2018
100 ## - ANA GİRİŞ - KİŞİSEL İSİM
Kişisel Ad Ahmet Midhat Efendi
245 10 - BAŞLIK TABLOSU
Başlık Çengi /
Sorumluluk Tablosu, Vb Ahmet Midhat Efendi ; hazırlayan : Erol Ülgen.
250 ## - EDITION TABLOSU
Baskı Beyanı İkinci Baskı
260 ## - YAYIN, DAĞITIM, VB
Yayın, Dağıtım, Vb Yeri Ankara :
Yayıncı, Dağıtıcı, Vs Adı Türk Dil Kurumu,
Yayın, Dağıtım, Vb Tarihi 2018.
300 ## - FİZİKSEL TANIM
Kapsam 205 sayfa ;
Boyutlar 21 cm.
490 0# - SERİSİ TABLOSU
Seri Beyanı Türk Dil Kurumu yayınları ;
Hacim / Ardışık Tanımı 762/1.
490 0# - SERİSİ TABLOSU
Seri Beyanı Yeni Türk edebiyatı kaynak metinleri dizisi ;
Hacim / Ardışık Tanımı 2.
490 0# - SERİSİ TABLOSU
Seri Beyanı Ahmet Mithat Efendi bütün eserleri romanlar ;
Hacim / Ardışık Tanımı V.
650 #0 - KONU KATMA GİRİŞ - TOPİKAL DÖNEM
9 (RLIN) 5539
Topikal Süreli Veya Coğrafi Ad Giriş Elemanı Türk Romanı
856 ## - ELEKTRONİK YER VE ERİŞİM
Kamu Notu Dijital Nüshası için Partimizin Kütüphane Sorumlusu ile iletişime geçiniz.
942 ## - EKLENDİ GİRİŞ ELEMANLARI (KOHA)
Sınıflandırma Veya Raf Düzeni Kaynak Dewey Decimal Classification
Koha Öğesi Türü Books
Holdings
Kalıcı Konum Mevcut Konum Edinme Tarihi Toplam Check-Out'Lar Tam Çağrı Numarası Barkod Tarih Son Görülme İtibaren Geçerli Fiyatlar Koha Öğesi Türü
CHP Kütüphanesi CHP Kütüphanesi 03/28/2024   813.42 E23b 2018 21771 03/28/2024 03/28/2024 Books